Khí tượng thủy văn rừng : Giáo trình Đại học Lâm nghiệp
Sách cung cấp kiến thức về quy luật biến đổi của các yếu tố khí tượng cơ bản có ảnh hưởng đến đối tượng và quá trình sản xuất lâm nghiệp, những quy luật tác động qua lại giữa rừng và các yếu tố khí tượng thủy văn, cũng như kha...
Na minha lista:
| Autor principal: | |
|---|---|
| Formato: | Livro |
| Idioma: | Undetermined |
| Publicado em: |
Hà Nội
Nông Nghiệp
1996
|
| Assuntos: | |
| Tags: |
Adicionar Tag
Sem tags, seja o primeiro a adicionar uma tag!
|
| Thư viện lưu trữ: | Trung tâm Học liệu Trường Đại học Cần Thơ |
|---|
| LEADER | 01205nam a2200205Ia 4500 | ||
|---|---|---|---|
| 001 | CTU_28025 | ||
| 008 | 210402s9999 xx 000 0 und d | ||
| 082 | |a 577.3 | ||
| 082 | |b Qu609 | ||
| 100 | |a Vương, Văn Quỳnh | ||
| 245 | 0 | |a Khí tượng thủy văn rừng : | |
| 245 | 0 | |b Giáo trình Đại học Lâm nghiệp | |
| 245 | 0 | |c Vương Văn Quỳnh, Trần Tuyết Hằng | |
| 260 | |a Hà Nội | ||
| 260 | |b Nông Nghiệp | ||
| 260 | |c 1996 | ||
| 520 | |a Sách cung cấp kiến thức về quy luật biến đổi của các yếu tố khí tượng cơ bản có ảnh hưởng đến đối tượng và quá trình sản xuất lâm nghiệp, những quy luật tác động qua lại giữa rừng và các yếu tố khí tượng thủy văn, cũng như khả năng tác động để điều chỉnh các mối quan hệ nhằm nâng cao năng suất, tính ổn định và sử dụng hợp lý hệ sinh thái rừng. | ||
| 650 | |a Forest ecology,Forest meteorology | ||
| 904 | |i Minh | ||
| 980 | |a Trung tâm Học liệu Trường Đại học Cần Thơ | ||